000 00529nam a22001932 4500
001 0000002466
005 20170406114239.0
008 140313s xx 000 0 eng d
020 _c$
040 _aYour Holding Symbol
_cYour Holding Symbol
100 1 _aSlavin,Albert.
245 1 0 _aBasic accounting fof managerial and financial control.
250 _a2nd ed.
260 _aNew ork :
_bHolt,
_c1968.
300 _a883 p. ;
_c cm.
504 _aindex.
650 0 _abasic accounting.
908 _a140313
999 _c2356
_d2356